000 00473nam a2200169Ia 4500
008 240729s9999 xx 000 0 und d
022 _a2424-9270
245 4 _aThe Asia Pacific Scholar
260 _aSingapore
260 _bNational University of Singapore
650 _a Education (General) | Medicine
650 _a Medicine (General)
650 _aEducation
856 _uhttps://doaj.org/toc/a46c71cfac3248e49cdc004543ce34d0
942 _2ddc
942 _cDOAJEJ
999 _c68053
_d68053
945 _a1
_bMadushi Gamage
_c1
_dMadushi Gamage